000 00518nam a2200169 i 4500
001 84221
003 ES-MaACL
005 20230906174954.0
007 t|
008 041122s1969 sp ||||1| spa d
100 1 _aIzquierdo Moreno, Ciriaco.
_965737
245 1 0 _aConvivencias juveniles /
_cCiriaco Izquierdo Moreno ; prólogo, Doroteo Hernández Vera.
260 _aMadrid :
_bStudium,
_c[1969]
300 _a174 p. ;
_c19 cm.
700 1 _aHernández Vera, Doroteo.
_963071
852 _aES-MaACL
_jC-51787
_bR.70434
999 _c84221
_d84221